| 000 | 00929nam a2200241 a 4500 | ||
|---|---|---|---|
| 001 | 74066 | ||
| 003 | BD-RjUL | ||
| 005 | 20211209082503.0 | ||
| 008 | 180211r20172009bg af||| b||| 000 0 ben d | ||
| 020 |
_a9847029700129 _cTk. 400.00 |
||
| 035 | _a(BD-RjUL)74284 | ||
| 040 |
_aBD-RjUL _beng _cBD-RjUL |
||
| 041 | _aben | ||
| 082 |
_223 _a954.9255 _b HOM 2017 |
||
| 100 |
_aহোসেন, মোল্লা আমির _9220136 |
||
| 245 | 1 | 0 |
_aমুক্তিযুদ্ধে খুলনা / _cহোসেন, মোল্লা আমির |
| 260 |
_aঢাকা : _bসুবর্ণ _c২০০৯ (প্রকাশ) ২০১৭ |
||
| 300 |
_a২৭৬ পৃ. : _bছবি ; _c২২ সেমি. |
||
| 504 | _aগ্রন্থপঞ্জি সম্বলিত | ||
| 650 |
_aমুক্তি যুদ্ধ _zখুলনা _9220137 |
||
| 650 |
_aLiberation war _zKhulna _9220138 |
||
| 942 |
_2ddc _cBK |
||
| 999 |
_c74066 _d74066 |
||